Stolice na literę "A" - Statystyki

Ogólne statystyki
  • Ten quiz został rozwiązany 26 razy
  • Średni wynik to 11 z 14
Statystyki odpowiedzi
Kraj Stolica % Poprawnych
Holandia Amsterdam
100%
Andora Andora
100%
Grecja Ateny
100%
ZEA Abu Zabi
92%
Algieria Algier
92%
Jordania Amman
76%
Madagaskar Antananarywa
76%
Nigeria Abudża
72%
Etiopia Addis Abeba
68%
Ghana Akra
68%
Paragwaj Asunción
68%
Turkmenistan Aszchabad
56%
Samoa Apia
52%
Erytrea Asmara
48%
Nie znaleziono quizów pasujących do podanych kryteriów
Rozkład punktacji
Procent ludzi z każdym wynikiem
Percentyl według liczby udzielonych odpowiedzi
Twoja historia wyników
Nie rozwiązałeś tego quizu